| 000 | 00602nam a2200169Ia 4500 | ||
|---|---|---|---|
| 999 |
_c26987 _d54985 |
||
| 005 | 20181105044019.0 | ||
| 037 | _aBC_665 62 | ||
| 040 |
_aBC-ENSA _bfre |
||
| 041 | _afre | ||
| 110 |
_aOffice national des statistiques _954818 |
||
| 245 |
_aL'Algérie en quelques chiffres _brésultats : 1998-1999 |
||
| 260 |
_aAlger _bONS _c2006 |
||
| 300 |
_a76 p. _bcouv. ill. en coul., graph., tabl. _c21 cm |
||
| 562 | _e01 exemplaire(s) | ||
| 942 | _c09 | ||
| 653 | _aDONNEE STATISTIQUE/ALGERIE/HABITAT/SANTE PUBLIQUE/INDUSTRIE/EMPLOI/ENSEIGNEMENT/AGRICULTURE/TRANSPORT/COMMERCE EXTERIEUR/COMPTABILITE NATIONALE | ||